000 00448nam a2200145Ia 4500
008 100204s9999 xx 000 0 und d
082 _b25610
100 _aवाळिंबे रेखा
245 _aवेळ थोडा आहे
260 _bघरकुल प्रकाशन पुणे
_c2001
300 _a96
630 _aवेळ थोडा आहे
730 _aवेळ थोडा आहे
942 _cBOOK
999 _c470791
_d470788